000
00479nam a2200169Ia 4500
008
090711s9999 xx 000 0 und d
082
_b
47864
100
_a
क्षेत्रमाडे सुमती
245
_a
अंबा
260
_c
1984
300
_a
184
600
_a
क्षेत्रमाडे सुमती
630
_a
अंबा
700
_a
क्षेत्रमाडे सुमती
730
_a
अंबा
942
_c
BOOK
999
_c
309414
_d
309414